Geography Quiz

Random Geography or City Quiz

Landmark Cities Quiz Stats

 Plays Quiz Updated Mar 7, 2017

Support Sporcle.
Go Orange.
Score 0/22 Timer 06:00
9 Plays Today
Monument/Landmark City % Correct
Eiffel TowerParis, France
98%
Statue of Liberty (Liberty Island)New York, NY, US
96.2%
The Golden Gate BridgeSan Francisco, CA, US
95.1%
Elizabeth Tower (Big Ben)London, England
90.8%
ParthenonAthens, Greece
85.1%
The Thomas Jefferson MemorialWashington DC, US
82.7%
Liberty BellPhiladelphia, PA, US
77.8%
Guinness StorehouseDublin, Ireland
74.1%
Saladin CitadelCairo, Egypt
73.7%
The Forbidden CityBeijing, China
70.3%
Brandenburg GateBerlin, Germany
68.1%
Monument/Landmark City % Correct
Gateway ArchSt. Louis, MO, US
64.9%
Arch of ConstantineRome, Italy
59.7%
The AlamoSan Antonio, TX, US
59.4%
Saint Basil's CathedralMoscow, Russia
43.1%
Obelisk of TheodosiusIstanbul, Turkey
40.2%
Great SphinxGiza, Egypt
39.5%
Burj Al ArabDubai, UAE
39.4%
Taj MahalAgra, India
26%
The Blarney StoneBlarney, Ireland
25.6%
Manneken PisBrussels, Belgium
19.6%
Golden Pavilion TempleKyoto, Japan
13.2%

From the Vault

Eurovision Host Cities

by dan_cortese

Hmmm, that's odd, this has never been hosted in Hollywood...
Remove Ads.
Support Sporcle.
Get the best of Sporcle when you Go Orange. This ad-free experience offers more features, more stats, and more fun while also helping to support Sporcle. Thank you for becoming a member.

Show Comments

Extras

Top Quizzes Today


Score Distribution

Your Account Isn't Verified!

In order to create a playlist on Sporcle, you need to verify the email address you used during registration. Go to your Sporcle Settings to finish the process.

Report this User

Report this user for behavior that violates our Community Guidelines.

Details: